Traffic engineering analysis of 9th avenue Islamabad (Record no. 551312)
[ view plain ]
| 000 -LEADER | |
|---|---|
| fixed length control field | 00423nam a22001457a 4500 |
| 082 ## - DEWEY DECIMAL CLASSIFICATION NUMBER | |
| Classification number | P-454 |
| 100 ## - MAIN ENTRY--PERSONAL NAME | |
| Personal name | Talal Bin Zulfiqar |
| 9 (RLIN) | 47615 |
| 245 ## - TITLE STATEMENT | |
| Title | Traffic engineering analysis of 9th avenue Islamabad |
| Statement of responsibility, etc. | Talal Bin Zulfiqar, Mamoon Shaafaey |
| 260 ## - PUBLICATION, DISTRIBUTION, ETC. | |
| Place of publication, distribution, etc. | Risalpur |
| Name of publisher, distributor, etc. | MCE |
| Date of publication, distribution, etc. | 2011 |
| 300 ## - PHYSICAL DESCRIPTION | |
| Extent | 60 p.: |
| 526 ## - STUDY PROGRAM INFORMATION NOTE | |
| Program name | 0 |
| Interest level | 0 |
| Reading level | 0 |
| Title point value | P_454 |
| 650 ## - SUBJECT ADDED ENTRY--TOPICAL TERM | |
| Topical term or geographic name entry element | Project |
| 700 ## - ADDED ENTRY--PERSONAL NAME | |
| Personal name | Dr Muhammad Bilal Khurshid Lt Col |
| 9 (RLIN) | 48333 |
| 942 ## - ADDED ENTRY ELEMENTS (KOHA) | |
| Source of classification or shelving scheme | |
| Koha item type | Book |
| Withdrawn status | Lost status | Source of classification or shelving scheme | Damaged status | Not for loan | Permanent Location | Current Location | Date acquired | Total Checkouts | Full call number | Barcode | Date last seen | Date last checked out | Price effective from | Koha item type | Public note |
|---|---|---|---|---|---|---|---|---|---|---|---|---|---|---|---|
| Military College of Engineering (MCE) | Military College of Engineering (MCE) | 12/10/2014 | 1 | P-454 | MCE-P-454 | 05/21/2015 | 05/18/2015 | 12/10/2014 | Book | Project |
